00841nam a2200265 i 4500001000300000003000400003005001700007008004100024015001800065040001400083080000900097080001000106080001200116080001000128100004700138245008100185260005500266300003300321500001400354650002600368650002100394650002100415710004100436856009800477bgBPK20201013130731.0940811s1974 pl a f |000 0 pol  aPB 1974/10000 aWA NcBPK a62-2 a621.1 a621.432 a531.71 aWajand, Jan Aleksanderd(1929-2019)eAutor10aPomiary szybkozmiennych ciśnień w maszynach tłokowych /cJan A. Wajand. aWarszawa :bWydawnictwa Naukowo-Techniczne,c1974. a241, [3] s. :bil. ;c23 cm. aBibliogr. 4aCiśnieniexpomiary. 4aSilniki tłokowe 4aMaszyny tłokowe2 aWydawnictwa Naukowo-Techniczne4pbl. uhttp://koha.tu.koszalin.pl/cgi-bin/koha/opac-detail.pl?biblionumber=16717yKatalog online BPK